00775nam a2200217Ia 4500020001500000040000800015082002600023100002200049245006700071250001200138260008600150300002600236500003100262500004300293500008800336650002300424650002400447650001500471710004200486710002900528 a9291371653 cEMU a382 COM 2000 A076 Or.1 aRiddle, Dorothy I10aBusiness guide to the General Agreement on Trade in Services / aRev. ed aGeneva :bInternational Trade Centre ;aLondon :bCommonwealth Secretariat,c2000 axiii, 263 p. ;c21 cm aAuthor statement from p. v a"ITC/P68.E/PMD/TSU/00-XII"--T.p. verso aIncludes texts of the 1994 General Agreement on Trade in Services and its protocols 0aService industries 0aInternational trade 0aFree trade2 aInternational Trade Centre UNCTAD/WTO2 aCommonwealth Secretariat